| 000 | 00725nam a2200205Ia 4500 | ||
|---|---|---|---|
| 001 | 15120 | ||
| 003 | GE_BSU | ||
| 008 | 181216s||||||||xx |||||||||||||| ||und|| | ||
| 040 | _cGE_BSU | ||
| 080 | _a517.53/55(075.8) | ||
| 100 | _aВолковыский,Л,И, Лунц,Г,Л,Абрамович,И,Г | ||
| 245 | _aСборник задач по теорий функций комплексного переменного | ||
| 245 | _bУчеб.пособ. для вузов | ||
| 260 | _aМосква | ||
| 260 | _bГосиздат | ||
| 260 | _c1961 | ||
| 300 | _a367 стр,22см, | ||
| 653 | _aСборник задач по теорий функций комплексного переменного | ||
| 942 | _cBK | ||
| 999 |
_c48236 _d48236 |
||